000 00898cam a22002534a 4500
020 _a9054101865
082 _a624.152
_bHOE
_cL-NUST, P-19
100 1 _aHoek, Evert,
_923486
245 1 0 _aSupport of underground excavations in hard rock /
_cE. Hoek, P.K. Kaiser, W.F. Bawden.
260 _aRotterdam, Netherlands ;
_aBrookfield, VT, USA :
_bA.A. Balkema,
_c1997.
300 _axii, 215 p. :
_bill. ;
_c29 cm.
526 _a0
_b0
_c0
_d624_152000000000000_HOE
526 _a0
_b0
_c0
_d624_152000000000000_HOE
650 0 _aExcavation.
_926170
650 0 _aNUST
_96342
650 0 _aRetaining walls.
_921594
650 0 _aRock mechanics.
_923489
650 0 _aUnderground areas.
_942557
650 7 _aLavra subterranea
_942558
700 1 _aBawden, W. F.
_942559
700 1 _aKaiser, Peter K.
_942560
856 4 2 _uhttp://www.loc.gov/catdir/enhancements/fy0916/99227305-d.html
942 _2ddc
_cBK
999 _c546439
_d546439